Je suis ton meilleur ami - Aladdin [Paroles entières] - Statistiques

Statistiques générales
  • Ce quiz a été pris 1 244 fois
  • Le résultat moyen est 203 sur 284
Statistiques - réponses
X Paroles % Correct
a
100%
à
100%
A
100%
B
96%
de
96%
me
96%
je
95%
Je
95%
suis
95%
ami
94%
meilleur
94%
ton
94%
un
93%
Un
93%
la
92%
tu
92%
Tu
92%
le
90%
Strophe Si
90%
Ali
89%
ce
89%
Baba
88%
Ca
88%
voleurs
88%
et
87%
Et
87%
quarante
87%
te
87%
au
86%
Au
86%
en
86%
es
86%
maître
86%
Strophe Maître
86%
qui
86%
Car
85%
mon
85%
Mon
85%
va
85%
veau
84%
du
83%
vous
83%
votre
82%
as
81%
l'or
81%
Aladdin
80%
plus
80%
bien
79%
vaut
79%
fort
78%
Toi
78%
toi
78%
dis
77%
peu
77%
pour
77%
tes
77%
truc
77%
vie
77%
colonne
76%
faire
76%
gagnant
76%
pouvoir
76%
tout
76%
C'est
75%
coeurs
75%
histoires
75%
lampe
75%
possède
75%
restaurant
75%
seras
75%
cher
74%
d'hôtel
74%
encore
74%
mes
74%
tonnerre
73%
dessert
72%
éclair
72%
feu
72%
Fruits
72%
amis
71%
aujourd'hui
71%
boum
71%
cette
71%
d'été
71%
coup
70%
enfile
70%
très
70%
Allume
69%
frottant
69%
gants
69%
quatre
69%
que
69%
génie
68%
mèche
68%
service
68%
mille
67%
offre
67%
chante
66%
oreille
66%
peux
66%
prince
65%
roi
64%
l'avoir
63%
creux
62%
lapin
61%
servir
60%
commande
59%
Strophe Plats
59%
Strophe Seigneur
59%
seigneur
59%
nous
58%
plaisir
58%
J'ai
56%
tour
56%
favori
55%
magicien
55%
vois
55%
coupe
54%
sommes
54%
ta
54%
Passez
52%
Reprenez
52%
par
51%
sais
50%
même
49%
offrir
49%
oui
49%
Ordonnez
48%
comme
47%
est
47%
magie
46%
J'aimerais
44%
quand
44%
Abracadabra
43%
divers
43%
prie
43%
oh
42%
chargé
41%
d'affaires
41%
qeul
41%
Quel
41%
Shéhérazade
41%
souhait
41%
les
38%
mais
36%
moi
36%
prières
35%
soutiendrai
34%
disparaîtras
33%
on
33%
t'as
33%
T'as
33%
fait
31%
frotte
31%
l'oeil
31%
d'exaucer
30%
mâchoire
30%
s'éclate
29%
certifié
27%
dos
27%
fais
27%
Chanteur
25%
dis-moi
25%
Strophe Remonte
24%
liste
23%
mains
23%
t'appuierai
23%
ho
22%
diplômé
21%
veux
21%
banco
20%
déjà
20%
20%
grand
19%
baklavas
18%
hagard
18%
garanti
16%
okay
15%
Frotte-toi
12%
rab'
10%
nabab
8%
Fooo
3%
Aucun quiz correspondant
Distribution des résultats
% des personnes avec chaque résultat
Percentile par nombre de réponses
Votre historique - résultats
Vous n’avez pas pris ce quiz